000 00304nam a2200121Ia 4500
008 190216s9999||||xx |||||||||||||| ||und||
100 _a"Croxton,Cowden And Klein"
245 0 _aApplied General Statistics
260 _bPrentice Hall India
_c1979
300 _a754p
650 _aMathematics
942 _cBK
999 _c30593
_d30593